Study on intergrated development programe by "world vison " organization in kandal steung disteict, kandal province ការសិក្សាស្ដីពីកម្មវិធីអភិវឌ្ឍន៏ចំរុះរបស់អង្គការ​​"ទស្សន:ពិភពលោក" នៅស្រុកកណ្ដាលស្ទឺងខេត្តកណ្ដាល​ (Record no. 468)

000 -LEADER
fixed length control field 00756nam a22001577a 4500
003 - CONTROL NUMBER IDENTIFIER
control field OSt
005 - DATE AND TIME OF LATEST TRANSACTION
control field 20150915101322.0
008 - FIXED-LENGTH DATA ELEMENTS--GENERAL INFORMATION
fixed length control field 150915b xxu||||| |||| 00| 0 eng d
040 ## - CATALOGING SOURCE
Transcribing agency RUA
082 ## - DEWEY DECIMAL CLASSIFICATION NUMBER
Classification number AGR CHH 2000 B023 Or.1
100 ## - MAIN ENTRY--PERSONAL NAME
9 (RLIN) 488
Personal name CHHENG, SOKUNTHY
245 ## - TITLE STATEMENT
Title Study on intergrated development programe by "world vison " organization in kandal steung disteict, kandal province ការសិក្សាស្ដីពីកម្មវិធីអភិវឌ្ឍន៏ចំរុះរបស់អង្គការ​​"ទស្សន:ពិភពលោក" នៅស្រុកកណ្ដាលស្ទឺងខេត្តកណ្ដាល​
260 ## - PUBLICATION, DISTRIBUTION, ETC. (IMPRINT)
Place of publication, distribution, etc. Phnom Penh
Name of publisher, distributor, etc. RUA
Date of publication, distribution, etc. 2000
300 ## - PHYSICAL DESCRIPTION
Extent 85p.
Other physical details ill.
Dimensions 29cm.
942 ## - ADDED ENTRY ELEMENTS (KOHA)
Source of classification or shelving scheme
Koha item type AGR
Holdings
Price effective from Date last seen Permanent Location Not for loan Date acquired Date last checked out Source of classification or shelving scheme Total Checkouts Koha item type Barcode Lost status Damaged status Withdrawn status Current Location Full call number
2015-09-152015-09-15Library Block B 2015-09-15   AGRRUA005253   Library Block BAGR CHH 2000 B023 Or.1
2015-09-152015-09-15Library Block B 2015-09-15   AGRRUA004227   Library Block BAGR CHH 2000 B023 Or.2
2015-09-152023-10-18Library Block B 2015-09-152023-10-02 1AGRRUA004065   Library Block BAGR CHH 2000 B023 Or.3
2015-09-152015-09-15Library Block B 2015-09-15   AGRRUA004228   Library Block BAGR CHH 2000 B023 Or.4
2015-09-152015-09-15Library Block B 2015-09-15   AGRrua004305   Library Block BAGR CHH 2000 B023 Or.5
2015-09-152015-09-15Library Block B 2015-09-15   AGRrua004066   Library Block BAGR CHH 2000 B023 Or.6
2015-09-152015-09-15Library Block B 2015-09-15   AGRrua005273   Library Block BAGR CHH 2000 B023 Or.7
2015-09-152015-09-15Library Block B 2015-09-15   AGRrua004224   Library Block BAGR CHH 2000 B023 Or.8
2015-09-152015-09-15Library Block B 2015-09-15   AGRrua004302   Library Block BAGR CHH 2000 B023 Or.9
មជ្ឈមណ្ឌលឯការនៃសាកលវិទ្យាល័យភូមិន្ទកសិកម្មចំការដូង

Powered by Koha